000 00828pam a2200241 a 4500
999 _c2594
_d2594
003 ALUPE UNIVERSITY
005 20210715061139.0
008 031208s2005 njua b 001 0 eng
020 _a9780136138659
040 _cALUPE UNIVERSITY
049 _aJF0A
050 _aQE28
_b.T37 2009
090 _aQE28.2
_b.T37 2005
100 1 _aTarbuck, Edward J.
245 1 0 _aEarth :
_ban introduction to physical geology /
_cEdward J. Tarbuck, Frederick K. Lutgens ; illustrated by Dennis Tasa.
250 _a2nd ed.
260 _aUpper Saddle River, N.J. :
_bPearson/Prentice Hall,
_cc2009.
300 _axxiii, 602 p. :
_bcol. ill. ;
_c28 cm. +
_e1 CD-ROM (4 3/4 in.)
504 _aIncludes bibliographical references and index.
650 0 _aPhysical geology
_vTextbooks.
700 1 _aLutgens, Hicock
942 _2lcc
_cBK
_nPW